Leader xxxxxxxxxx
001 __ PCLIS00051828
005 __ 20220613083216.0
010 0_ |a978-986-450-119-9|b平裝|dNT$380
042 __ |anbim
100 __ |a20171120d2017 m y1chiy09 e
101 0_ |achi
102 __ |atw
105 __ |aac z 000cd
200 1_ |a九歌...散文選|h一○五年|f楊佳嫻主編
205 __ |a初版
210 __ |a臺北市|c九歌|d2017[民106]
215 0_ |a357面|c圖, 像|d21公分
225 1_ |a九歌文庫|v1248
300 __ |a版權頁英文題名: Collected essays 2016
300 __ |a作者號取自題名
300 __ |a附錄: 一○五年年度散文紀事
327 1_ |a春泥或灰燼──《九歌一○五年散文選》編序 / 楊佳嫻|a輯一, 啟蒙與歷史回望|a化作春泥更護花 / 駱以軍|a歲次乙未,初冬小雪 / 黃錦樹|a反杜邦三十年 / 鍾喬|a我的九○年代 / 馬世芳|a我的文學青春史 / 封德屏|a啟蒙是種回憶 / 鄧小樺|a希望之書 / 吳叡人|a我們回家了 / 楊翠|a無盡夢魘 / 伊替.達歐索|a輯二, 眺望黑洞|a草莓與灰燼:加害者的日常 / 房慧真|a紅色高棉 / 阿潑|a一點六米寬的樓梯 / 顧玉玲|a麥民遊蹤 / 黃信恩|a我在博愛特區的這一天 / 迪洋.馬督雷樣|a輯三, 日常、青春、傷逝|a自己跟蹤自己 : 這個人和她的單調日常 / 簡媜|a如果在冬天,一座新冰箱 / 黃麗群|a星期天像火車一樣撞來 / 陳栢青|a寫詩的房子 / 廖偉棠|a夢蝶之音 / 傅月庵|a無人知曉的跌倒 / 湯舒雯|a永澤小朋友 / 湖南蟲|a漆黑的夢中樹 / 羅任玲|a凝望 / 利格拉樂.阿烏𡠄|a拙劣的傷逝 / 林俊頴|a記憶的暗室 / 凌性傑|a輯四, 身體異想與性別麻煩|a泳褲 / 陳思宏|a青蘋果樂園 / 騷夏|a女子漢 / 楊隸亞|a錄音機 / 李維菁|a紅蟹踟躕 / 陸珊瑚|a輯五, 城鄉眺望與海角遊蹤|a海角相思雨 / 阿盛|a魚蛋祕行 / 謝曉虹|a老家麵店 / 張郅忻|a呼請城隍爺 / 林媽肴|a高尾山記事 / 王盛弘|a夜巴 / 林禹瑄|a輯六, 閃開,讓專業的來|a如果艾雷,值得敘事 / 高翊峰|a推理小說好吃嗎? / 張亦絢|a附錄 : 一○五年年度散文紀事 / 杜秀卿
500 11 |a九歌散文選|m中文
516 11 |a散文|e九歌一○五年散文選|zchi
517 1_ |aCollected essays 2016|zeng
517 1_ |a九歌一○五年散文選|zchi
517 1_ |a九歌105年散文選|zchi
606 __ |2cst|a散文
681 __ |a855|b8677
681 __ |a855|b8669
700 _1 |a楊|b佳嫻|4主編
801 _0 |atw|bLibDipper|c20171120|gCCR
801 _1 |atw |